La cultura colonial
Na minha lista:
| Autor principal: | |
|---|---|
| Formato: | Livro |
| Idioma: | espanhol |
| Publicado em: |
Santiago, Chile
Salesiana
1980
|
| Assuntos: | |
| Tags: |
Adicionar Tag
Sem tags, seja o primeiro a adicionar uma tag!
|
MARC
| LEADER | 00000nam a2200000 a 4500 | ||
|---|---|---|---|
| 001 | UCP4352 | ||
| 003 | CL-VaPUC | ||
| 005 | 20200710115012.0 | ||
| 008 | 990724e19800000CL |||||||||||||||||spa|d | ||
| 999 | |c 282336 |d 282334 | ||
| 040 | |c Pontificia Universidad Católica de Valparaíso | ||
| 082 | 0 | 4 | |a 306.0983 RET 1980 |2 21 |
| 100 | 0 | |a Retamal Avila, Julio |e author |9 431816 | |
| 245 | 1 | 3 | |a La cultura colonial |
| 260 | |a Santiago, Chile |b Salesiana |c 1980 | ||
| 300 | |a 30 páginas | ||
| 583 | |a last modification |c 19990724 00:00:00 |k Rodrigo Vera | ||
| 650 | 7 | |a HISTORIA DE CHILE |2 CL-VaPUC |9 431817 |x EPOCA COLONIAL | |
| 650 | 7 | |a DESARROLLO CULTURAL |2 CL-VaPUC |9 321109 |z CHILE | |
| 852 | |a BIBCUR | ||
| 942 | |c BK |2 ddc | ||
| 945 | |d 19990724 00:00:00 |a crobeson | ||
| 952 | |0 0 |1 0 |2 ddc |4 0 |6 306_098300000000000_RET_1980 |7 0 |8 A |9 323990 |a BIBHIS |b BIBHIS |d 2019-11-20 |i 1354000 |l 2 |o 306.0983 RET 1980 |p 1354000 |r 2025-01-20 |s 2022-11-25 |t 1 |w 2019-11-20 |y BK |k HIS | ||